Study guide and casebook for Managerial economics /
This book is divided into six parts: Introduction; Demand and forecasting; Production and cost; Market structure, strategic behavior, and pricing; Risk analysis and capital budgeting; and Government-business relations and the global economy.
Αποθηκεύτηκε σε:
| Κύριος συγγραφέας: | |
|---|---|
| Άλλοι συγγραφείς: | |
| Μορφή: | Βιβλίο |
| Γλώσσα: | English |
| Έκδοση: |
New York ; London :
W. W. Norton,
1999.
|
| Έκδοση: | 4th ed. |
| Θέματα: | |
| Ετικέτες: |
Προσθήκη ετικέτας
Δεν υπάρχουν, Καταχωρήστε ετικέτα πρώτοι!
|
| Thư viện lưu trữ: | Mạng thư viện Đại học Đà Nẵng |
|---|
| LEADER | 01255cam a2200373 i 4500 | ||
|---|---|---|---|
| 001 | 000048180 | ||
| 003 | 7885 | ||
| 005 | 20030313141508.0 | ||
| 008 | 010316|1999 vm 000 eng | ||
| 020 | |a 039397314X | ||
| 040 | |a IRC |c IRC |d IRC | ||
| 041 | 0 | |a eng | |
| 082 | 1 | 4 | |a 338.5024658 |b MA-E |
| 100 | 1 | |a Mansfield, Edwin. | |
| 245 | 0 | 0 | |a Study guide and casebook for Managerial economics / |c Edwin Mansfield and Elizabeth D. Mamsfield. |
| 250 | |a 4th ed. | ||
| 260 | |a New York ; London : |b W. W. Norton, |c 1999. | ||
| 300 | |a vii, 318 p. : |b ill. ; |c 25cm. | ||
| 520 | 3 | |a This book is divided into six parts: Introduction; Demand and forecasting; Production and cost; Market structure, strategic behavior, and pricing; Risk analysis and capital budgeting; and Government-business relations and the global economy. | |
| 630 | 0 | 4 | |a Economics. |
| 630 | 0 | 4 | |a Managerial economics. |
| 650 | 0 | 4 | |a Managerial economics. |
| 650 | 0 | 4 | |a Managerial economics |x Case studies. |
| 700 | 1 | |a Mamsfield, Elizabeth D. | |
| OWN | |a DUT | ||
| 999 | |a From the UDN01 | ||
| TYP | |a Monograph | ||
| TYP | |a Printed language | ||
| 980 | |a Mạng thư viện Đại học Đà Nẵng | ||


